000 00912nam a2200205Ia 4500
999 _c40065
_d40065
001 6671
003 GE_BSU
005 20191121121447.0
008 181216s1990||||g |||||||||||||| ||g ||
040 _cGE_BSU
041 _ageo
080 _a821.353.1-32 გ-16
100 _aგაიხარაშვილი, აკაკი.
_95496
245 _aუმანკო ცრემლი :
_bმოთხრობები, ნოველები, ესეები /
_cგაიხარაშვილი, აკაკი.
264 _aთბილისი :
_bსაქ.თეატრის მოღვაწეთა კავშირი,
_c1990.
300 _a104 გვ, :
_bფოტო გარეკანზე ;
_c17 სმ.
653 _aმოთხრობები, ნოველები, ესეები
653 _aუმანკო ცრემლი
942 _cBK
_2udc